000 00443nam a22001817a 4500
003 MPLRDC
005 20220104143708.0
008 210129b ||||| |||| 00| 0 eng d
020 _a981-04-0833-1
082 _a868.7151 WRH
100 _a王润华
245 _a热带雨林与殖民地
_c
250 _a一版一刷
260 _a
_b新加坡作家协会
_c1999
300 _b
650 _a马华文学
942 _cBK
_o868.7151 WRH
999 _c42427
_d42417